[Event "39th National ch-BAN"]
[Site "Dhaka BAN"]
[Date "2013.10.03"]
[Round "11.2"]
[White "Murshed,N"]
[Black "Md.,Jamal Uddin"]
[Result "1-0"]
[WhiteElo "2468"]
[BlackElo "2079"]

1.d4 Nf6 2.c4 c5 3.d5 e6 4.Nc3 exd5 5.cxd5 d6 6.Nf3 a6 7.a4 g6 8.Nd2 Nbd7
9.Nc4 Nb6 10.Na3 Bd7 11.g3 h5 12.Bg2 Qe7 13.Bg5 Bh6 14.Bxh6 Rxh6 15.a5 Nc8
16.Qd2 Rh7 17.h3 Na7 18.Nc4 O-O-O 19.O-O Nb5 20.Qf4 Ne8 21.Ne4 f6 22.Nb6+ Kc7
23.Nxc5 Bc8 24.Nba4 Kb8 25.Rac1 Nec7 26.e4 g5 27.Qd2 Rg7 28.Rc4 Qe5 29.Rfc1 f5
30.exf5 Bxf5 31.Re1 Qf6 32.Nc3 Rf8 33.Nd1 Bc8 34.Re3 Re7 35.Rxe7 Qxe7 36.Re4 Qg7
37.Qe3 Qf6 38.Bf1 Bf5 39.Nc3 Nxc3 40.bxc3 Bxe4 41.Nd7+  1-0

[Event "23rd EYCC Open U16 2013"]
[Site "Budva MNE"]
[Date "2013.10.05"]
[Round "6.25"]
[White "Kumsiashvili,N"]
[Black "Maksimov,Dmitri"]
[Result "1-0"]
[WhiteElo "2130"]
[BlackElo "2044"]

1.d4 Nf6 2.c4 c5 3.d5 e6 4.Nc3 exd5 5.cxd5 d6 6.Nf3 g6 7.Bf4 a6 8.a4 Qe7
9.h3 Nh5 10.Bh2 f5 11.e3 f4 12.Bd3 Bh6 13.O-O O-O 14.Re1 Qd8 15.e4 Nd7 16.e5 Nxe5
17.Nxe5 dxe5 18.d6 Be6 19.Rxe5 Qf6 20.Rxc5 b6 21.Rc7 f3 22.Qxf3 Bf4 23.Bxf4 Nxf4
24.Bc4 Qe5 25.Qe4 Qf6 26.Nd5 Nxd5 27.Bxd5 Qxf2+ 28.Kh1 Bxd5 29.Qxd5+ Kh8
30.Qe5+ Qf6 31.Qxf6+ Rxf6 32.d7 Rff8 33.Rd1 Rfb8 34.Rdc1 Rd8 35.Rc8 Kg7 36.Rxa8  1-0

[Event "23rd EYCC Open U16 2013"]
[Site "Budva MNE"]
[Date "2013.10.05"]
[Round "6.8"]
[White "Faizrakhmanov,Ramil"]
[Black "Lamard,G"]
[Result "1-0"]
[WhiteElo "2343"]
[BlackElo "2305"]

1.d4 Nf6 2.c4 e6 3.Nf3 c5 4.d5 exd5 5.cxd5 d6 6.Nc3 g6 7.g3 Bg7 8.Bg2 O-O
9.O-O a6 10.a4 Nbd7 11.Bf4 Qe7 12.Re1 Ng4 13.Bg5 f6 14.Bd2 Nde5 15.h3 Nh6
16.Nxe5 fxe5 17.a5 Bd7 18.e4 Nf7 19.Na4 Bb5 20.Nb6 Rad8 21.b4 cxb4 22.Qb3 h5
23.Qxb4 h4 24.Ra3 Ng5 25.gxh4 Nh7 26.Rg3 Kh8 27.Bg5 Bf6 28.Qd2 Bxg5 29.hxg5 Rf4
30.Rc1 Nxg5 31.Rc8 Kh7 32.Qc2 Kh6 33.Rg4 Rdf8 34.Rxf4 exf4 35.h4 Nf7 36.Qc7 Qxc7
37.Rxc7 Ne5 38.Rxb7 f3 39.Bh3 Nd3 40.Nc8 Nf4 41.Bg4 Ne2+ 42.Kh2 Rf4 43.Bh3 Rxe4
44.Nxd6 Rxh4 45.Nf7+ Kg7 46.Ne5+ Kf6 47.Nxf3 Rh5 48.Rb6+ Kf7 49.Rb7+ Kf8
50.d6 Nf4 51.Ng1 Rd5 52.Rb6 Nd3 53.f3 Ne5 54.Be6 Rd2+ 55.Kg3 Nc6 56.d7 Ke7
57.Bg4 g5 58.Nh3 Rd5 59.Nf2 Kd8 60.Rb7 Ke7 61.Ne4 Nxa5 62.Rc7 Nc4 63.Nc5 Rd6
64.Nb7 Bxd7 65.Nxd6  1-0

[Event "Frauenbundesliga 2013-14"]
[Site "Germany GER"]
[Date "2013.10.05"]
[Round "1.1"]
[White "Kononenko,T"]
[Black "Ohme,M"]
[Result "1/2-1/2"]
[WhiteElo "2364"]
[BlackElo "2350"]

1.d4 Nf6 2.c4 c5 3.d5 e6 4.Nc3 exd5 5.cxd5 d6 6.Nf3 g6 7.Bf4 a6 8.a4 Bg7
9.h3 O-O 10.e3 Ne8 11.Be2 Nd7 12.O-O Qe7 13.Nd2 b6 14.Re1 Rb8 15.Qc2 Nc7
16.e4 Ne5 17.Bh2 g5 18.Nf1 f5 19.exf5 Bxf5 20.Qd2 h6 21.Ne3 Bg6 22.Ng4 Nxg4
23.Bxg4 Qd8 24.Be6+ Kh7 25.Ne4 Bd4 26.Bg3 Ne8 27.Kh1 Rb7 28.Ra3 Re7 29.f4 gxf4
30.Bxf4 Bxe4 31.Rxe4 Ng7 32.Rf3 Rf6 33.Rxd4 cxd4 34.Qxd4 Rg6 35.Bg3 Nxe6
36.dxe6 Rexe6 37.Qc3 Ref6 38.Rd3 Qf8 39.Qc7+ Rg7 40.Qxb6 Rfg6 41.Kh2 d5 42.Qd4 Qf5
43.Re3 Qd7 44.Rc3 Qd8 45.Rb3 Qg8 46.Qf4 Qe6 47.Re3 Qb6 48.b3 a5 49.Rd3 Rf6
50.Qc1 Rfg6 51.Qf4 Qc5 52.Qf5 Qc2 53.Qxd5 Qe2  1/2-1/2

[Event "ch-Novoyavorivsk Chess Club 2013"]
[Site "Novoyavorivsk UKR"]
[Date "2013.10.05"]
[Round "5.3"]
[White "Pugachov,I"]
[Black "Grinev,V"]
[Result "1/2-1/2"]
[WhiteElo "2120"]
[BlackElo "2362"]

1.d4 Nf6 2.c4 e6 3.Nf3 c5 4.d5 exd5 5.cxd5 d6 6.Nc3 g6 7.Bf4 a6 8.a4 Bg7
9.h3 O-O 10.e3 Re8 11.Be2 Ne4 12.Ra3 g5 13.Bh2 f5 14.Nxe4 fxe4 15.Nd2 Qc7
16.Nc4 Bf8 17.a5 Nd7 18.Bg4 b5 19.Be6+ Kh8 20.Bxd7 Bxd7 21.Nb6 Ra7 22.O-O Bf5
23.Qh5 Qd8 24.Ra2 Rg7 25.b3 Bg6 26.Qd1 Qf6 27.Rc2 Bf5 28.f3 Qe7 29.Rcf2 Kg8
30.fxe4 Bxe4 31.Rf6 Qd8 32.Qg4 Bd3 33.R1f2 Bg6 34.Re6 Bf7 35.Re4 Rxe4 36.Qxe4 h5
37.Qf5 Bg6 38.Qe6+ Bf7 39.Qf5 Bg6 40.Qe6+ Bf7  1/2-1/2

[Event "23rd EYCC Open U18 2013"]
[Site "Budva MNE"]
[Date "2013.10.06"]
[Round "7.17"]
[White "Rindlisbacher,L"]
[Black "Monjac,M"]
[Result "0-1"]
[WhiteElo "2340"]
[BlackElo "2147"]

1.d4 Nf6 2.c4 e6 3.Nf3 c5 4.d5 d6 5.Nc3 exd5 6.cxd5 g6 7.Nd2 Bg7 8.e4 O-O
9.Be2 Re8 10.O-O Na6 11.a3 Nc7 12.Qc2 Rb8 13.Rb1 b5 14.b4 c4 15.a4 a6 16.Bb2 Qe7
17.Rbe1 Bd7 18.a5 Ng4 19.Bxg4 Bxg4 20.f3 Bd7 21.Ne2 f5 22.Bxg7 Qxg7 23.Nb1 fxe4
24.fxe4 Rf8 25.Qd2 Rxf1+ 26.Rxf1 Rf8 27.Rxf8+ Kxf8 28.Nbc3 Ke7 29.Qg5+ Qf6
30.Qh6 Qh8 31.Qh4+ Ke8 32.h3 Qg7 33.Qf2 Kd8 34.Qb6 Qf6 35.Nd4 Kc8 36.Nc6 Bxc6
37.dxc6 Qe6 38.Kh1 h5 39.Kg1 g5 40.Kh1 g4 41.h4 g3 42.Kg1 Qg4 43.Kf1 Kd8
44.Qb8+ Qc8 45.Qxc8+ Kxc8 46.Ke2 Ne6 47.Nd5 Nd4+ 48.Ke3 Nxc6 49.Kf4 Kd7 50.Kg5 Ke6
51.Kxh5 Ke5 52.Kg5 Kxe4 53.Nc3+ Kd3 54.Na2 Ke3 55.Kg4 Kf2 56.Kh3 d5 57.h5 d4
58.h6 Ne7 59.Kg4 Ng6 60.Kh3 Nh8 61.h7 Nf7 62.Nc1  0-1

[Event "23rd EYCC Open U16 2013"]
[Site "Budva MNE"]
[Date "2013.10.08"]
[Round "9.25"]
[White "Zeynalli,Miradil"]
[Black "Brazdzionis,A"]
[Result "1-0"]
[WhiteElo "2131"]
[BlackElo "2043"]

1.d4 Nf6 2.c4 c5 3.d5 e6 4.Nc3 exd5 5.cxd5 d6 6.Nf3 g6 7.Nd2 Bg7 8.Nc4 O-O
9.Bf4 Ne8 10.Qd2 Bxc3 11.Qxc3 b5 12.Nd2 b4 13.Qb3 Nd7 14.g3 Nb6 15.Bg2 Ba6
16.a3 Qe7 17.O-O bxa3 18.Rxa3 Qxe2 19.Rfa1 Bc4 20.Qxb6 axb6 21.Rxa8 b5 22.b3 Bxb3
23.Nxb3 Qb2 24.Nd2 c4 25.Rb1 Qd4 26.Rxb5 c3 27.Nb3 Qd1+ 28.Bf1 Nf6 29.Rxf8+ Kxf8
30.Bxd6+ Kg7 31.Be5 c2 32.Rb6 Qxd5 33.Bxf6+ Kh6 34.Rb4  1-0

[Event "23rd EYCC Open U16 2013"]
[Site "Budva MNE"]
[Date "2013.10.08"]
[Round "9.7"]
[White "Stremavicius,T"]
[Black "Lamard,G"]
[Result "1-0"]
[WhiteElo "2288"]
[BlackElo "2305"]

1.d4 Nf6 2.c4 c5 3.d5 e6 4.Nc3 exd5 5.cxd5 d6 6.Nf3 g6 7.Nd2 Bg7 8.e4 O-O
9.Be2 Re8 10.O-O Nbd7 11.Re1 a6 12.a4 Ne5 13.Qc2 g5 14.Nf1 h6 15.Ng3 Ng6
16.Nd1 Qe7 17.Bc4 Ng4 18.Bd2 Nh4 19.Bc3 Ne5 20.Ne3 Qf8 21.Be2 b6 22.h3 Bd7
23.Bg4 Nxg4 24.hxg4 Be5 25.Nh5 f6 26.Bxe5 Rxe5 27.f3 Qd8 28.Qc3 Be8 29.Nc4 Bxh5
30.gxh5 g4 31.Nxe5 fxe5 32.fxg4 Qg5 33.Rf1 Qxg4 34.Qh3 Qxh3 35.gxh3 Ra7 36.Kf2 Rf7+
37.Kg3  1-0

[Event "7th Univ Cent Open 2013"]
[Site "Bogota COL"]
[Date "2013.10.11"]
[Round "4.1"]
[White "Sanchez Enriquez,O"]
[Black "Ortiz Suarez,I"]
[Result "0-1"]
[WhiteElo "2397"]
[BlackElo "2601"]

1.d4 Nf6 2.c4 e6 3.Nc3 c5 4.d5 exd5 5.cxd5 d6 6.Nf3 g6 7.Bf4 a6 8.Nd2 Nh5
9.Be3 Bg7 10.a4 Nd7 11.Nc4 Ne5 12.Nxe5 Bxe5 13.g3 O-O 14.Bg2 f5 15.f4 Bg7
16.O-O Re8 17.Bf2 Nf6 18.h3 Rb8 19.Rb1 Qa5 20.Be1 Qc7 21.Kh2 Bd7 22.Rc1 Rbc8
23.Bf3 Qd8 24.Rb1 b5 25.axb5 axb5 26.b4 cxb4 27.Rxb4 Ng4+ 28.hxg4 fxg4 29.Nxb5 gxf3
30.exf3 Qb6 31.Nd4 Qc5 32.Ne6 Bxe6 33.dxe6 Rxe6 34.Re4 Qh5+ 35.Kg1 Rxe4  0-1

[Event "TCh-Belgrade Premier liga 2013"]
[Site "Belgrade SRB"]
[Date "2013.10.12"]
[Round "1.4"]
[White "Rajcevic,S"]
[Black "Savic,An"]
[Result "0-1"]
[WhiteElo "2063"]
[BlackElo "2091"]

1.d4 Nf6 2.c4 e6 3.Nc3 c5 4.d5 exd5 5.cxd5 d6 6.Nf3 g6 7.Bf4 a6 8.a4 Bg7
9.e3 O-O 10.h3 Re8 11.Bd3 Qc7 12.Nd2 Nbd7 13.Nc4 Bf8 14.O-O Nb6 15.Nxb6 Qxb6
16.Qc2 Bd7 17.e4 Nh5 18.a5 Qc7 19.Be3 Bg7 20.Be2 Nf6 21.Ra3 Re7 22.Rb3 Rae8
23.Rb6 Nxe4 24.Nxe4 Rxe4 25.Bf3 Rxe3 26.fxe3 Rxe3 27.Rd1 Bf5 28.Qc1 Bh6 29.Qc4 Qe7
30.Rb3 Qe5 31.Rxe3 Bxe3+ 32.Kf1 Qg3 33.Qe2 Bd4 34.Rxd4 cxd4 35.Qc4 d3 36.Qb3 d2
37.Qd1 Bd3+ 38.Be2 Qf4+ 39.Kg1 Bxe2 40.Qxe2 Qd4+ 41.Kh2 d1=Q 42.Qe8+ Kg7  0-1

[Event "12th Istanbul Open A 2013"]
[Site "Istanbul TUR"]
[Date "2013.10.13"]
[Round "3.4"]
[White "Yurtseven,M"]
[Black "Ergonen,A"]
[Result "1-0"]
[WhiteElo "2268"]
[BlackElo "2034"]

1.Nf3 Nf6 2.d4 c5 3.d5 e6 4.c4 exd5 5.cxd5 d6 6.Nc3 g6 7.Bf4 Bg7 8.h3 O-O
9.e3 a6 10.a4 Qc7 11.Nd2 Nbd7 12.Nc4 Ne8 13.Be2 Nb6 14.Na3 Nd7 15.Nc4 Nb6
16.Na3 Nd7 17.O-O Ne5 18.Bg3 f5 19.Qb3 Rb8 20.Nc4 Nxc4 21.Qxc4 Bd7 22.a5 b5
23.axb6 Rxb6 24.Ra2 Bb5 25.Nxb5 axb5 26.Qc2 Nf6 27.Rfa1 Ne4 28.Bf4 c4 29.g4 Nc5
30.Ra7 Rb7 31.Rxb7 Nxb7 32.gxf5 gxf5 33.Ra6 Be5 34.Bxe5 dxe5 35.Rc6 Qg7+
36.Kf1 Kh8 37.Qc3 Nd8 38.Rb6 Nf7 39.d6 Qh6 40.Rxb5 Qxd6 41.Qb4 Qh6 42.Ke1 Ra8
43.Rb8+ Rxb8 44.Qxb8+ Kg7 45.Bxc4 Qc6 46.Bxf7  1-0

[Event "TCh-ISL Div1 2013-14"]
[Site "Reykjavik ISL"]
[Date "2013.10.13"]
[Round "5.4"]
[White "Halldorsson,J"]
[Black "Maack,K"]
[Result "0-1"]
[WhiteElo "2193"]
[BlackElo "2140"]

1.d4 Nf6 2.Nf3 e6 3.c4 c5 4.d5 exd5 5.cxd5 d6 6.Nc3 g6 7.g3 Bg7 8.Bg2 O-O
9.O-O a6 10.a4 Re8 11.Re1 Nbd7 12.Nd2 Rb8 13.Nc4 Ne5 14.Na3 Nh5 15.h3 f5
16.Kh2 Nf6 17.Ra2 Bd7 18.f4 Nf7 19.Qd3 Re7 20.e3 Qe8 21.a5 Ne4 22.Nxe4 fxe4
23.Qc2 Bb5 24.Nc4 Bxc4 25.Qxc4 Qb5 26.Qc2 Qd3 27.Qd2 b5 28.axb6 Rxb6 29.Bf1 Qxd2+
30.Bxd2 Ra7 31.Bc3 Bxc3 32.bxc3 Rb3 33.Rc1 h5 34.Bc4 Rb6 35.g4 hxg4 36.hxg4 a5
37.Kg3 Nd8 38.Rca1 Nb7 39.Kh4 Ra8 40.Kg5 Kg7 41.f5 gxf5 42.Kxf5 Re8 43.Kf4 Kg6
44.Ra4 Rb2 45.R1a2 Rb1 46.Ba6 Nd8 47.Rxe4 Rf8+ 48.Kg3 Rg1+ 49.Kh2 Rc1 50.c4 Rh8+
51.Kg2 Rch1 52.Rf2 Nf7 53.Re6+ Kg7 54.Re7 R8h2+ 55.Kf3 Rxf2+ 56.Kxf2 Kg6
57.Rd7 a4 58.Bb5 a3  0-1

[Event "Indonesia Open 2013"]
[Site "Jakarta INA"]
[Date "2013.10.14"]
[Round "6.11"]
[White "Gundavaa,B"]
[Black "Grigoryan,Av"]
[Result "1/2-1/2"]
[WhiteElo "2500"]
[BlackElo "2577"]

1.d4 Nf6 2.c4 e6 3.Nc3 c5 4.d5 exd5 5.cxd5 d6 6.Nf3 g6 7.e4 a6 8.a4 Bg4 9.Be2 Bxf3
10.Bxf3 Nbd7 11.O-O Bg7 12.Be2 O-O 13.Qc2 Rb8 14.Bf4 Qe7 15.a5 h5 16.h3 Rfe8
17.Ra4 Nh7 18.Be3 Nhf8 19.Qd2 Rec8 20.Rc1 Rc7 21.f4 Rcc8 22.e5 dxe5 23.d6 Qf6
24.Rf1 e4 25.Rxe4 Re8 26.Bf3 Ne6 27.Re1 Kf8 28.Bf2 Red8 29.Qd5 Qf5 30.Rxe6 fxe6  1/2-1/2

[Event "TCh-Belgrade Premier liga 2013"]
[Site "Belgrade SRB"]
[Date "2013.10.15"]
[Round "4.2"]
[White "Radosevic,N"]
[Black "Hrzic,I"]
[Result "0-1"]
[WhiteElo "2192"]
[BlackElo "2280"]

1.d4 Nf6 2.Nf3 c5 3.d5 e6 4.c4 exd5 5.cxd5 d6 6.Nc3 g6 7.e4 Bg7 8.Be2 Bg4
9.O-O O-O 10.h3 Bxf3 11.Bxf3 Nbd7 12.Re1 Ne8 13.a4 Nc7 14.Bf4 Ne5 15.Be2 g5
16.Be3 Ng6 17.Bg4 Be5 18.Bf5 a6 19.Qh5 Bf4 20.h4 Bxe3 21.Rxe3 gxh4 22.e5 Ne8
23.Bc2 dxe5 24.Rxe5 Nf6 25.Qf5 Nxe5 26.Qxe5 Re8 27.Qg5+ Kh8 28.Qxh4 Qd6 29.Ne4 Nxe4
30.Bxe4 h6 31.Ra3 f5 32.Bd3 Re1+ 33.Bf1 Kh7 34.Rf3 Qxd5 35.Re3 Rxe3 36.fxe3 Qe5
37.Qh3 Re8 38.Kf2 Qxb2+ 39.Be2 Qf6 40.Bd3 Re5 41.g4 Kh8 42.Bxf5 c4 43.Qf3 Re7
44.Qd5 c3 45.Qc5 Qe5 46.Qb6 Qh2+ 47.Kf3 Qh1+ 48.Kf2 Qc6 49.Qd8+ Re8 50.Qd4+ Kg8
51.Bc2 Rf8+ 52.Ke2 Qg2+ 53.Kd3 Qd2+  0-1

[Event "TCh-Belgrade Premier liga 2013"]
[Site "Belgrade SRB"]
[Date "2013.10.19"]
[Round "8.5"]
[White "Vlatkovic,S"]
[Black "Indjic,A"]
[Result "0-1"]
[WhiteElo "2314"]
[BlackElo "2540"]

1.d4 Nf6 2.c4 c5 3.d5 e6 4.Nc3 exd5 5.cxd5 d6 6.Nf3 g6 7.Bf4 Bg7 8.e3 O-O
9.h3 Na6 10.Bc4 Re8 11.O-O Nc7 12.a4 Ne4 13.Nxe4 Rxe4 14.Nd2 Re8 15.Qb3 b6
16.e4 g5 17.Bh2 Qf6 18.Qd3 Qg6 19.Bb5 Nxb5 20.Qxb5 Rd8 21.Nc4 Bd7 22.Qb3 Qxe4
23.Rad1 g4 24.h4 Bf8 25.Rfe1 Qg6 26.h5 Qxh5 27.Bxd6 Bxd6 28.Nxd6 Bxa4 29.Qxa4 Rxd6
30.Re4 Rxd5 31.Rxd5 Qxd5 32.Rxg4+ Kf8 33.Qf4 Rd8 34.g3 Qd1+ 35.Kg2 Qd6 36.Qe3 Qd5+
37.Kh2 Rd6 38.Re4 Re6 39.Rxe6 Qxe6  0-1

[Event "Guernsey Open 2013"]
[Site "Guernsey GCI"]
[Date "2013.10.22"]
[Round "3"]
[White "Collier,D"]
[Black "De Kruif,K"]
[Result "1-0"]
[WhiteElo "2074"]
[BlackElo "1930"]

1.d4 Nf6 2.Nf3 e6 3.c4 c5 4.d5 exd5 5.cxd5 d6 6.Nc3 Be7 7.h3 O-O 8.Bf4 Bf5
9.Nd2 b5 10.Nxb5 Nxd5 11.Bg3 Qa5 12.Na3 Re8 13.Nc4 Qd8 14.e4 Bf8 15.Be2 Bxe4
16.Nxe4 Rxe4 17.Qxd5 Rxe2+ 18.Kxe2 Qe8+ 19.Kf1 Nc6 20.Re1 Ne5 21.Bxe5 dxe5
22.Rxe5 Qb5 23.b3 Rc8 24.g3 a5 25.Kg2  1-0

[Event "14th Liberec Open"]
[Site "Liberec CZE"]
[Date "2013.10.26"]
[Round "1.7"]
[White "Yakimenko,Alex"]
[Black "Suchomel,T"]
[Result "1-0"]
[WhiteElo "2212"]
[BlackElo "1792"]

1.d4 Nf6 2.Nf3 e6 3.c4 c5 4.d5 exd5 5.cxd5 d6 6.Nc3 g6 7.e4 Bg7 8.Be2 O-O
9.Nd2 Qe7 10.O-O Re8 11.Re1 a6 12.a4 Qf8 13.f3 Nbd7 14.Nc4 Kh8 15.a5 Ng8
16.Bf1 Rb8 17.Bf4 Ne5 18.Nxe5 Rxe5 19.Na4 Re8 20.Nxc5 f5 21.Ne6 Bxe6 22.dxe6 Rxe6
23.Bc4 Rf6 24.exf5 gxf5 25.Be6 Rd8 26.Bg5 d5 27.Qd3 Ne7 28.Qa3 d4 29.Rad1 Nc6
30.Qxf8+ Rfxf8 31.Bxd8 Rxd8 32.Bxf5 Nxa5 33.Bd3 b5 34.Re7 Nc4 35.Bxc4 bxc4
36.Rc7 d3 37.Rxc4 Bxb2 38.Kf2 d2 39.Ke3 Bc1 40.Rcxc1 dxc1=Q+ 41.Rxc1 Re8+
42.Kf4 Re2 43.Kg3 Ra2 44.Rc7 a5 45.h4 a4 46.h5 h6 47.Ra7 a3 48.f4 Ra1 49.Kg4 a2
50.Kf5 Rh1 51.Rxa2 Rxh5+ 52.Kg6  1-0

[Event "3rd Panama Open"]
[Site "Panama City PAN"]
[Date "2013.11.03"]
[Round "5.16"]
[White "Cori T.,D"]
[Black "Gutierrez,JA"]
[Result "1-0"]
[WhiteElo "2425"]
[BlackElo "2204"]

1.d4 Nf6 2.c4 c5 3.d5 e6 4.Nc3 exd5 5.cxd5 d6 6.Nf3 g6 7.Bf4 Bg7 8.Qa4+ Bd7
9.Qb3 Qc7 10.h3 O-O 11.e3 a6 12.a4 b6 13.Nd2 Rd8 14.Nc4 Bf5 15.Qxb6 Qxb6
16.Nxb6 Ra7 17.Nc4 Ne4 18.Nxe4 Bxe4 19.O-O-O Rb7 20.Rd2 Rb4 21.f3 Bf5 22.g4 Bc8
23.a5 Bf8 24.e4 Bd7 25.Nxd6 Ba4 26.Nc4 Bb3 27.Nb6 Nd7 28.Bc7 Nxb6 29.axb6 Rd7
30.Bd3 c4 31.Bc2 Bc5 32.Bxb3 cxb3 33.Kb1 Bxb6 34.Be5 Rb5 35.Rc1 Kf8 36.Bf6 Bd8
37.Rc8 Ke8 38.Rd3 a5 39.Rdc3 Rb6 40.g5 Rbb7 41.Ra8 Ra7 42.Rcc8 Rxa8 43.Rxa8  1-0

[Event "3rd Panama Open"]
[Site "Panama City PAN"]
[Date "2013.11.03"]
[Round "6.20"]
[White "Gonzalez,Be CRC"]
[Black "Fabrega,E"]
[Result "1-0"]
[WhiteElo "2454"]
[BlackElo "2123"]

1.d4 Nf6 2.c4 c5 3.d5 e6 4.Nc3 exd5 5.cxd5 d6 6.Nf3 g6 7.g3 Bg7 8.Bg2 O-O
9.O-O a6 10.a4 Re8 11.Bf4 Nh5 12.Bg5 f6 13.Bd2 f5 14.Qc1 Nd7 15.Rb1 Ne5 16.b4 b6
17.Ng5 Ra7 18.Ne6 Qe7 19.bxc5 bxc5 20.Nxg7 Qxg7 21.Nd1 Qf7 22.Rb6 Qc7 23.a5 Nd7
24.Rc6 Qb8 25.Ne3 Bb7 26.Bc3 Bxc6 27.dxc6 Ndf6 28.Nd5 Rf8 29.Qc2 Qe8 30.Qa2 Kg7
31.Bf3 Kh6 32.Qd2+ g5 33.h4 Qg6 34.Nxf6 Nxf6 35.Qxd6 Qf7 36.c7 Kg6 37.h5+ Kg7
38.h6+ Kg6 39.Bxf6 g4 40.Bd8+  1-0

[Event "3rd Panama Open"]
[Site "Panama City PAN"]
[Date "2013.11.04"]
[Round "7.17"]
[White "Vilela de Acuna,J"]
[Black "Gutierrez,JA"]
[Result "1-0"]
[WhiteElo "2323"]
[BlackElo "2204"]

1.d4 Nf6 2.Nf3 c5 3.d5 e6 4.c4 exd5 5.cxd5 d6 6.Nc3 g6 7.h3 Bg7 8.e4 O-O
9.Bd3 b6 10.O-O Ba6 11.Re1 Bxd3 12.Qxd3 Re8 13.Bf4 a6 14.a4 Ra7 15.Rab1 Nh5
16.Bh2 Rae7 17.g4 Nf6 18.Nd2 h5 19.Nc4 Rd7 20.g5 Nh7 21.h4 Qc7 22.Kg2 Nf8
23.Bf4 Red8 24.Qg3 Nh7 25.Rbd1 Bxc3 26.bxc3 b5 27.axb5 axb5 28.Na3 Qa5 29.c4 b4
30.Nb5 Qb6 31.e5 dxe5 32.Bxe5 Nc6 33.Bc7 Rxc7 34.Qxc7  1-0

[Event "3rd Panama Open"]
[Site "Panama City PAN"]
[Date "2013.11.05"]
[Round "9.46"]
[White "Chinchilla,E"]
[Black "Munoz M.,Alberto Noel"]
[Result "1-0"]
[WhiteElo "2191"]
[BlackElo "1902"]

1.d4 Nf6 2.c4 c5 3.d5 e6 4.Nc3 exd5 5.cxd5 d6 6.Nf3 g6 7.Bf4 a6 8.a4 Bg7
9.h3 O-O 10.e3 Re8 11.Nd2 Qc7 12.Nc4 Bf8 13.a5 Nbd7 14.Na4 Rb8 15.Be2 b5
16.axb6 Nxb6 17.Naxb6 Rxb6 18.Nxb6 Qxb6 19.O-O Bb7 20.Bc4 Qxb2 21.Qd3 Qb6
22.f3 Nh5 23.Bh2 Bg7 24.Rab1 Qc7 25.Bxa6 Ba8 26.Kh1 Nf6 27.Bb5 Rd8 28.e4 Nd7
29.Bxd7 Rxd7 30.Qa6 Rd8 31.Bxd6 Rxd6 32.Qxa8+ Rd8 33.Qc6 Qxc6 34.dxc6 Rc8
35.Rb6 Bd4 36.f4 c4 37.Ra6 Bb2 38.Rf2 c3 39.Kg1 Rc7 40.Kf1 Kg7 41.Ke1 Kf6
42.Kd1 Ke6 43.Kc2 Kf6 44.Rf3 Ke7 45.Rd3 Ke6 46.g4 f5 47.gxf5+ gxf5 48.e5  1-0

[Event "3rd Panama Open"]
[Site "Panama City PAN"]
[Date "2013.11.05"]
[Round "9.1"]
[White "Cori,J"]
[Black "Ortiz Suarez,I"]
[Result "1/2-1/2"]
[WhiteElo "2609"]
[BlackElo "2601"]

1.d4 Nf6 2.Nf3 e6 3.c4 c5 4.d5 exd5 5.cxd5 d6 6.Nc3 g6 7.Bf4 a6 8.a4 Bg7
9.h3 O-O 10.e3 Qe7 11.Be2 Nbd7 12.O-O Ne8 13.Re1 Rb8 14.Bf1 Nc7 15.e4 f6
16.Rb1 g5 17.Bg3 a5 18.Nd2 Ne5 19.Nc4 Nxc4 20.Bxc4 Bd7 21.Qd2 Rfe8 22.Be2 b5
23.axb5 Nxb5 24.Nxb5 Bxb5 25.Bh5 Red8 26.Qxa5 Bd3 27.Rbd1 c4 28.Bg4 Rxb2
29.Bf5 Rdb8 30.Qa3 Bf8 31.Qc3 Kg7 32.Ra1 Qc7 33.h4 h6 34.Ra6 R2b3 35.Qd4 R3b6
36.Rea1 Be7 37.Kh2 Rxa6 38.Rxa6 Rb1 39.Ra8 Rb8 40.Ra6 Rb1 41.Ra8 Rb8 42.Ra6  1/2-1/2

[Event "Chinese Teams 2013"]
[Site "Shijiazhuang CHN"]
[Date "2013.11.11"]
[Round "15.3"]
[White "Xu,Yinglun"]
[Black "Gao Rui"]
[Result "1-0"]
[WhiteElo "2331"]
[BlackElo "2462"]

1.d4 Nf6 2.c4 e6 3.Nf3 c5 4.d5 exd5 5.cxd5 d6 6.Nc3 g6 7.e4 a6 8.a4 Bg4 9.Be2 Bg7
10.Bf4 Bxf3 11.Bxf3 O-O 12.Qb3 Qc7 13.O-O Nbd7 14.a5 Rab8 15.Qc2 b5 16.axb6 Rxb6
17.Ra2 Rfb8 18.Rb1  1-0

[Event "76th ch-CRC 2013"]
[Site "San Jose CRC"]
[Date "2013.11.15"]
[Round "1.2"]
[White "Jimenez Garcia,Emmanuel"]
[Black "Gonzalez,Be CRC"]
[Result "1-0"]
[WhiteElo "2064"]
[BlackElo "2454"]

1.d4 Nf6 2.c4 e6 3.Nf3 c5 4.d5 exd5 5.cxd5 d6 6.Nc3 g6 7.e4 Bg7 8.Be2 O-O
9.O-O Re8 10.Qc2 a6 11.a4 Bg4 12.h3 Bxf3 13.Bxf3 Nbd7 14.Re1 c4 15.Be3 Qc7
16.a5 Nc5 17.Na4 Nb3 18.Rad1 Rab8 19.Bb6 Qc8 20.Ba7 Nxa5 21.Bxb8 Qxb8 22.e5 dxe5
23.Qc3 b6 24.d6 e4 25.Be2 Rd8 26.Qb4 Nd7 27.Bf1 Qb7 28.Bxc4 Nxc4 29.Qxc4 b5
30.Qc7 Rb8 31.Nc3 f5 32.Nd5 Ne5 33.Rc1 h6 34.Qxb7 Rxb7 35.Rc8+ Kh7 36.Nf6+ Bxf6
37.Rc7+ Kg8 38.Rxb7 Kf8 39.Ra1  1-0

[Event "76th ch-CRC 2013"]
[Site "San Jose CRC"]
[Date "2013.11.16"]
[Round "2.2"]
[White "Carvajal Gorgona,J"]
[Black "Alfaro Rojas,A"]
[Result "0-1"]
[WhiteElo "2239"]
[BlackElo "2270"]

1.d4 Nf6 2.c4 c5 3.d5 e6 4.Nc3 exd5 5.cxd5 d6 6.Nf3 g6 7.g3 Bg7 8.Bg2 O-O
9.O-O a6 10.a4 Re8 11.Re1 Nbd7 12.Bf4 Qc7 13.Rc1 Ng4 14.h3 Nge5 15.Kh2 Nxf3+
16.Bxf3 Ne5 17.Bg2 Bd7 18.b3 b5 19.b4 bxa4 20.bxc5 Qxc5 21.Ne4 Qb6 22.Be3 Qb8
23.f4 f5 24.fxe5 Rxe5 25.Bd4 fxe4 26.Bxe5 Bxe5 27.Rc4 Qb3 28.Qxb3 axb3 29.Rb1 Rb8
30.Bxe4 a5 31.Rc7 Be8 32.Ra7 a4 33.Rc1 Bb2 34.Rcc7 Bd4 35.Rab7 Rxb7 36.Rxb7 a3  0-1

[Event "TCh-BEL 2013-14"]
[Site "Belgium BEL"]
[Date "2013.11.17"]
[Round "4.4"]
[White "Godart,F"]
[Black "Alienkin,A"]
[Result "0-1"]
[WhiteElo "2354"]
[BlackElo "2387"]

1.d4 Nf6 2.c4 e6 3.Nf3 c5 4.d5 exd5 5.cxd5 d6 6.Nc3 g6 7.Nd2 Nbd7 8.e4 Bg7
9.Be2 O-O 10.O-O a6 11.a4 Re8 12.Qc2 Nh5 13.Bxh5 gxh5 14.Nc4 Ne5 15.Ne3 Ng4
16.Ncd1 Qh4 17.Nxg4 hxg4 18.Bf4 Qf6 19.Bd2 Qg6 20.Re1 Bd7 21.a5 Re7 22.Bc3 Bh6
23.b4 Rae8 24.bxc5 dxc5 25.Qb2 Rxe4 26.Rxe4 Qxe4 27.Ne3 Bxe3 28.fxe3 Qxe3+
29.Kh1 g3 30.hxg3 Qxg3 31.Rf1 Re4 32.Rf3 Rh4+ 33.Kg1 Qh2+ 34.Kf2 Rg4 35.Qxb7 Rxg2+
36.Ke1 Re2+  0-1

[Event "76th ch-CRC 2013"]
[Site "San Jose CRC"]
[Date "2013.11.19"]
[Round "6.4"]
[White "Gonzalez,Be CRC"]
[Black "Alfaro Rojas,A"]
[Result "1-0"]
[WhiteElo "2454"]
[BlackElo "2270"]

1.d4 Nf6 2.c4 c5 3.d5 e6 4.Nc3 exd5 5.cxd5 d6 6.Nf3 g6 7.Bf4 a6 8.e4 Bg7
9.Qa4+ Bd7 10.Qb3 Bc8 11.Qa4+ Bd7 12.Qc2 O-O 13.Bxd6 Re8 14.O-O-O Bf5 15.Be5 Nxe4
16.Bxg7  1-0

[Event "ch-PAR 2013"]
[Site "Asuncion URU"]
[Date "2013.11.20"]
[Round "3.1"]
[White "Bachmann,Ax"]
[Black "Latorre,Mat"]
[Result "1-0"]
[WhiteElo "2545"]
[BlackElo "2250"]

1.d4 Nf6 2.Nf3 c5 3.d5 e6 4.c4 exd5 5.cxd5 d6 6.Nc3 g6 7.Bf4 Bg7 8.Qa4+ Bd7
9.Qb3 Qc7 10.e4 O-O 11.Be2 b5 12.Bxb5 Nxe4 13.Nxe4 Re8 14.Nd2 f5 15.O-O fxe4
16.Rae1 Bxb5 17.Qxb5 Nd7 18.Nxe4 Ne5 19.Qa6 Reb8 20.b3 Rb6 21.Qe2 Qf7 22.Qd2 Rb4
23.Bxe5 Bxe5 24.f4 Bd4+ 25.Kh1 Rd8 26.f5 Rf8 27.Qd3 Be5 28.Ng5 Qf6 29.Nxh7 Qxf5
30.Rxf5 Rxf5 31.g3 Kxh7 32.Rf1 Rd4 33.Qa6 Rxf1+ 34.Qxf1 Rd2 35.Qf7+ Kh6 36.Qxa7 Kg5
37.a4 Rb2 38.a5 Rxb3 39.a6 Ra3 40.Qb7 Kg4 41.a7 Ra1+ 42.Kg2 Ra2+ 43.Kf1 Ra1+
44.Ke2 Ra2+ 45.Kd3 Kh3 46.a8=Q Rxa8 47.Qxa8 Kxh2 48.Qg8  1-0

[Event "UT Dallas IM Inv 2013"]
[Site "Dallas USA"]
[Date "2013.11.23"]
[Round "4.4"]
[White "Moon,R"]
[Black "Camacho,C"]
[Result "0-1"]
[WhiteElo "2149"]
[BlackElo "2210"]

1.d4 Nf6 2.c4 c5 3.d5 e6 4.Nf3 exd5 5.cxd5 d6 6.Nc3 g6 7.g3 Bg7 8.Bg2 O-O
9.O-O Re8 10.Nd2 a6 11.a4 Nbd7 12.h3 Rb8 13.Nc4 Ne5 14.Na3 Nh5 15.e4 Bd7
16.a5 Qxa5 17.g4 Nf6 18.f4 Nexg4 19.hxg4 Bxg4 20.Qd3 Bd7 21.f5 b5 22.Bg5 Qb6
23.Qf3 Rf8 24.Ne2 h6 25.Be3 a5 26.Nf4 Kh7 27.fxg6+ fxg6 28.Qg3 g5 29.Nd3 Ng4
30.e5 Nxe5 31.Be4+ Kg8 32.Bxg5 Ng4 33.Bf4 c4+ 34.Nf2 Bd4 35.Kg2 Bxf2 36.Qf3 Rxf4
37.Qxf4 Rf8 38.Qd2 Qd8 39.Bf3 Qh4 40.Rxf2 Nxf2 41.Qxf2 Qh3+ 42.Kg1 Rxf3 43.Qh2 Qxh2+
44.Kxh2 Rf2+  0-1

[Event "UT Dallas IM Inv 2013"]
[Site "Dallas USA"]
[Date "2013.11.26"]
[Round "9.2"]
[White "Lenderman,A"]
[Black "Camacho,C"]
[Result "1-0"]
[WhiteElo "2537"]
[BlackElo "2210"]

1.d4 Nf6 2.c4 c5 3.d5 e6 4.Nc3 exd5 5.cxd5 d6 6.Nf3 g6 7.Bf4 a6 8.a4 Bg7
9.h3 O-O 10.e3 Qe7 11.Be2 Bf5 12.Nd2 Rd8 13.O-O h6 14.Bh2 g5 15.Nc4 Ne8 16.Bd3 Bxd3
17.Qxd3 Nd7 18.f4 gxf4 19.Bxf4 Ne5 20.Bxe5 Bxe5 21.a5 Bg7 22.Ne4 Nf6 23.Ng3 Re8
24.Rf4 Rad8 25.Raf1 Bh8 26.Nf5 Qf8 27.R1f3  1-0

[Event "2nd Hyderabad GM Open 2013"]
[Site "Hyderabad IND"]
[Date "2013.11.27"]
[Round "4.7"]
[White "Sanikidze,T"]
[Black "Praveen Kumar,C1"]
[Result "1/2-1/2"]
[WhiteElo "2553"]
[BlackElo "2281"]

1.d4 e6 2.c4 c5 3.d5 exd5 4.cxd5 d6 5.Nc3 Nf6 6.Nf3 g6 7.Bf4 Bg7 8.Qa4+ Bd7
9.Qb3 Qc7 10.e4 O-O 11.Be2 a6 12.a4 Bg4 13.h3 Bxf3 14.Bxf3 Nbd7 15.O-O Rfe8
16.Rfe1 h6 17.Bh2 Ne5 18.Be2 g5 19.Qc2 Ng6 20.g3 Re7 21.Bf1 Rae8 22.Bg2 g4
23.hxg4 Nxg4 24.Bh3 h5 25.Kg2 b5 26.axb5 axb5 27.Nxb5 Qb8 28.Nc3 Rb7 29.Ra2 N6e5
30.Bg1 c4 31.Re2 Nd3 32.Qd2 Bh6 33.f4 Bg7 34.Nd1 Rb3 35.Bxg4 hxg4 36.Nf2 Nb4  1/2-1/2